000 01024nam a22002897a 4500
001 BR8711978
003 BR-BrBNA
005 20230928092804.0
007 ta
008 230509b bl.||||| |||| 00| 0 por d
040 _aBR-BrBNA
_bpor
_cBiblioteca Nacional de Agricultura
041 _a(Por)
072 _aL70
_b5400
090 _ 5400 BR8711978
100 1 _aAlmeida, E.L. de
110 1 _aUniversidade de Sao Paulo, Sao Paulo (Brasil). Faculdade de Medicina Veterinaria e Zootecnia
_0Tese (Mestrado)
245 1 _aEstudo experimental e clinico da pressao venosa central em caes (Canis familiaris)reposicao volemica
246 1 _a[Experimental and clinical study of the central venous pressure in dogs (Canis familiaris), volemic reposition]
260 3 _aSao Paulo, SP (Brasil):
_c1987.
300 _a54 p.
500 _a10 illus.; 11 tables; 14 ref.; Summaries (Eng, Por)
650 _aCAO
650 _aPRESSAO ARTERIAL
650 _aLABORATORIO
909 _a202309
_bLucia
_c55
_dLucia Elande
942 _cBK
999 _c41200
_d41200